000 00781nab a22002417a 4500
001 22094
003 HDC
007 cr bn ---aaaaa
008 210128c20171019my ||||| |||| 00| 0 may d
040 _aHDC
100 _aMohd. Zuharman Mohammad Nor,
_eauthor
_919267
245 0 _aSynergy Rich sasar 1,000 ejen /
_cMohd. Zuharman Mohammad Nor
336 _atext
_2rdacontent
337 _acomputer
_2rdamedia
338 _aonline resource
_2rdacarrier
650 _aBusiness
_9207
650 _aSupplement
_97754
710 _aUtusan Malaysia
856 _zRequest full-text at [email protected]
942 _2lcc
942 _cNEWS
942 _kNWSC 006471
999 _c19410
_d19410